ARRUPE JESUIT UNIVERSITY

CORONAVIRUS -STOP THE SPREAD - CLEAN,DISINFECT,COVER

Twentieth-century religious thought : (Record no. 1175)

MARC details
000 -LEADER
fixed length control field 00918cam a2200265 a 4500
001 - CONTROL NUMBER
control field 1842525
005 - DATE AND TIME OF LATEST TRANSACTION
control field 20170719114059.0
008 - FIXED-LENGTH DATA ELEMENTS--GENERAL INFORMATION
fixed length control field 810721s1981 nyu b 001 0 eng
010 ## - LIBRARY OF CONGRESS CONTROL NUMBER
LC control number 81009349
020 ## - INTERNATIONAL STANDARD BOOK NUMBER
International Standard Book Number 0684173336 :
Terms of availability $19.95
020 ## - INTERNATIONAL STANDARD BOOK NUMBER
International Standard Book Number 0684173344 (pbk.) :
Terms of availability $12.00
040 ## - CATALOGING SOURCE
Original cataloging agency DLC
Transcribing agency DLC
Modifying agency DLC
050 00 - LIBRARY OF CONGRESS CALL NUMBER
Classification number B804
Item number .M25 1981
082 00 - DEWEY DECIMAL CLASSIFICATION NUMBER
Classification number 200/.9/04
Edition number 19
100 1# - MAIN ENTRY--PERSONAL NAME
Personal name Macquarrie, John.
9 (RLIN) 33405
245 10 - TITLE STATEMENT
Title Twentieth-century religious thought :
Remainder of title the frontiers of philosophy and theology, 1900-1980 /
Statement of responsibility, etc John Macquarrie.
250 ## - EDITION STATEMENT
Edition statement Rev. ed.
260 ## - PUBLICATION, DISTRIBUTION, ETC. (IMPRINT)
Place of publication, distribution, etc New York :
Name of publisher, distributor, etc Scribner,
Date of publication, distribution, etc c1981.
300 ## - PHYSICAL DESCRIPTION
Extent 429 p. ;
Dimensions 23 cm.
504 ## - BIBLIOGRAPHY, ETC. NOTE
Bibliography, etc Includes bibliographical references and index.
650 #0 - SUBJECT ADDED ENTRY--TOPICAL TERM
Topical term or geographic name as entry element Philosophy, Modern
Chronological subdivision 20th century.
9 (RLIN) 33406
650 #0 - SUBJECT ADDED ENTRY--TOPICAL TERM
Topical term or geographic name as entry element Religious thought
Chronological subdivision 20th century.
9 (RLIN) 33404
906 ## - LOCAL DATA ELEMENT F, LDF (RLIN)
a 7
b cbc
c orignew
d 1
e ocip
f 19
g y-gencatlg
942 ## - ADDED ENTRY ELEMENTS (KOHA)
Source of classification or shelving scheme Library of Congress Classification
Item type Monograph ( Printed materials)
Holdings
Withdrawn status Lost status Source of classification or shelving scheme Damaged status Not for loan Collection code Home library Current library Shelving location Date acquired Total Checkouts Full call number Barcode Date last seen Copy number Price effective from Koha item type
    Library of Congress Classification     Main Collection ARRUPE LIBRARY ARRUPE LIBRARY   27/02/2013   B804.M25 1981 46401999 27/02/2013 1 27/02/2013 Monograph ( Printed materials)
    Library of Congress Classification       ARRUPE LIBRARY ARRUPE LIBRARY Main Collection 16/11/2022   B804 .M25 1981 46700000025 16/11/2022   16/11/2022 Monograph ( Printed materials)

 

Arrupe Library. PO Box MP320 Mt Pleasant, Harare, Zimbabwe
263 242 745411|librarian@aju.ac.zw